000 01743nac a22003611i 4500
003 EG-ScBUE
005 20241117105411.0
008 241117t2007 maua f 001 0 eng d
020 _a9780071105903
020 _a0071105905
035 _a(OCoLC)ocm61262434
040 _aEG-ScBUE
_beng
_erda
_cEG-ScBUE
_dEG-ScBUE
082 0 4 _a519.5
_bBLU
_222
100 1 _aBluman, Allan G.,
_eauthor.
245 1 0 _aElementary statistics :
_ba step by step approach /
_cAllan G. Bluman, professor emeritus, Community College of Allegheny County.
250 _aSixth edition.
250 _aMcGraw-Hill International edition.
264 1 _aBoston :
_bMcGraw-Hill,
_c[2007]
264 4 _cc2007
300 _a1 volume (various pagings) ;
_bcolor illustrations ;
_c28 cm
336 _2rdacontent
_atext
_btxt
337 _aunmediated
_2rdamedia
_bn
338 _avolume
_bnc
_2rdacarrier
500 _a"Important formulas" (1 folded page) inserted.
500 _aDistributer: Al-Ahram
500 _aIncludes index.
505 0 _aThe nature of probability and statistics -- Frequency distributions and graphs -- Data description -- Counting techniques -- Probability -- Discrete probability distributions -- The normal distribution -- Confidence intervals and sample size -- Hypothesis testing -- Testing the difference between two means, two variances and two proportions -- Correlation and regression -- Chi-square and analysis of variance (ANOVA)
650 7 _aStatistics
_vTextbooks.
_2BUEsh
655 _vReading book
856 4 1 _3Table of contents only
_uhttp://www.loc.gov/catdir/toc/ecip0517/2005023521.html
856 4 1 _3Publisher description
_uhttp://www.loc.gov/catdir/enhancements/fy0661/2005023521-d.html
942 _cBB
_2ddc
999 _c9413
_d9413